El Marqués de la Vega-Inclán... / (Record no. 146385)

MARC details
000 -LEADER
campo de control de longitud fija 00762nam a2200217 i 4500
001 - NÚMERO DE CONTROL
campo de control 146385
003 - IDENTIFICADOR DE NÚMERO DE CONTROL
campo de control ES-MaACL
005 - FECHA Y HORA DE LA ÚLTIMA TRANSACCIÓN
campo de control 20250928094255.0
007 - CAMPO FIJO DE DESCRIPCIÓN FÍSICA--INFORMACIÓN GENERAL
campo de control de longitud fija t|
008 - DATOS DE LONGITUD FIJA--INFORMACIÓN GENERAL
campo de control de longitud fija 070907s1965 sp ||||1| spa d
080 ## - NÚMERO DE LA CLASIFICACIÓN DECIMAL UNIVERSAL
Número de la Clasificación Decimal Universal 92(Vega-Inclán, Benigno)
100 1# - ENTRADA PRINCIPAL--NOMBRE DE PERSONA
Nombre de persona Traver Tomás, Vicente.
9 (RLIN) 111246
245 13 - MENCIÓN DEL TÍTULO
Título El Marqués de la Vega-Inclán... /
Mención de responsabilidad, etc. por Vicente Traver Tomás.
260 ## - PUBLICACIÓN, DISTRIBUCIÓN, ETC.
Lugar de publicación, distribución, etc. [Castellón :
Nombre del editor, distribuidor, etc. Tall. H. de F. Armengot],
Fecha de publicación, distribución, etc. 1965.
300 ## - DESCRIPCIÓN FÍSICA
Extensión XVI, 240 p. :
Otras características físicas il. ;
Dimensiones 22 cm.
500 ## - NOTA GENERAL
Nota general Precede al tít.: Dirección General de Bellas Artes...
600 04 - PUNTO DE ACCESO ADICIONAL DE MATERIA--NOMBRE DE PERSONA
Nombre de persona Vega Inclán y Flaquer, Benigno,
Títulos y otros términos asociados al nombre Marqués de la,
Fechas asociadas al nombre 1858-1942
9 (RLIN) 113610
710 2# - ENTRADA AGREGADA--NOMBRE DE ENTIDAD CORPORATIVA
Nombre de entidad corporativa o nombre de jurisdicción como elemento de entrada Fundaciones Vega-Inclán.
9 (RLIN) 220443
852 ## - LOCALIZACIÓN
Ubicación ES-MaACL
Número de control de estantería C-28610
Sublocalización o colección R.57686
Holdings
Estatus retirado Estado de pérdida Estado de daño No para préstamo Biblioteca de origen Biblioteca actual Ubicación en estantería Fecha de adquisición Fuente de adquisición Total de préstamos Signatura topográfica completa Código de barras Visto por última vez Precio de reemplazo Tipo de ítem Koha
        Biblioteca del Ateneo de Madrid Biblioteca del Ateneo de Madrid Depósito 2 17/01/2008     C-28610 1152787 23/02/2023 23/02/2023 Libro impreso